| 000 | 01044nam a2200253 i 4500 | ||
|---|---|---|---|
| 001 | 13087 | ||
| 003 | KOSZ 005 | ||
| 005 | 20200630132827.0 | ||
| 008 | 071127s1970 pl a f 100 0 pol | ||
| 015 | _aPB 1971/1293 | ||
| 040 |
_aWA N _cWA N _dKOSZ 005/RW |
||
| 080 | _a681.3(061.3) | ||
| 245 | 0 | 0 |
_aNaukowe problemy maszyn matematycznych : _bmateriały z I ogólnopolskiego sympozjum, 21-26 X 1968 / _c[red. Antoni Kwiatkowski] ; Centrum Obliczeniowe Polskiej Akademii Nauk, Polskie Towarzystwo Elektrotechniki Teoretycznej i Stosowanej. |
| 260 |
_aWarszawa : _bPaństwowe Wydawnictwo Naukowe, _c1970. |
||
| 300 |
_a363 s. : _bil. ; _c24 cm. |
||
| 380 | _aKsiążki. | ||
| 504 | _aBibliogr. przy pracach. | ||
| 650 | 4 | _aKomputery | |
| 655 | 4 | _aMateriały konferencyjne | |
| 700 | 1 |
_aKwiatkowski, Antoni _c(nauki chemiczne). _eRedakcja |
|
| 710 | 2 |
_aPaństwowe Wydawnictwo Naukowe _4pbl. |
|
| 856 |
_uhttp://koha.tu.koszalin.pl/cgi-bin/koha/opac-detail.pl?biblionumber=13087 _yKatalog online BPK |
||
| 942 |
_2UKD _cKS |
||
| 999 |
_c13087 _d13087 |
||